00670nam a22002057a 4500003000500000005001700005008004100022010001000063011001000073035001000083040000900093082001600102110004500118245007200163260004400235300001900279490007100298650002400369830007100393CHAP20220329134708.0971013s1954 r 00010 d a24336 a25308 a29408 cCHAP a633.15bC65 aComisión Nacional del Maíz. México aHíbridos para obtener mayor producción de maíz por hectárea aMéxico, D. F. :bLa Comisión,c1954 a47 p.b: ilus. aComisión Nacional del Maíz. México. Folleto de Divulgación14aMaízxHíbridos.0 aComisión Nacional del Maíz. México. Folleto de Divulgación